00357nam a2200133Ia 4500008004100000082001800041100001800059245002500077250000900102260002900111300000800140650004300148700003200191191201s2011 xx 000 0 und d a658.8bGUM  aGUPTA, Prachi 0aMarketing Management a15th aNew DelhibPearsonc2021 a750 aBachelor of Fashion and Apparel Design aAGGARWAL, Ashita and others